Introduction to functional differential equations /

Guardado en:
Autor Principal: Hale, Jack K.
Otros Autores: Verduyn Lunel, S. M.
Formato: Libro
Idioma:English
Publicado: New York : Springer-Verlag, c1993.
Series:Applied mathematical sciences (Springer-Verlag New York Inc.) ; v. 99.
Materias:
Acceso en línea:Publisher description
Etiquetas: Agregar Etiqueta
Sin Etiquetas, Sea el primero en etiquetar este registro!
LEADER 01289cam a2200289 a 4500
001 MAT.inmabb004804
008 930615s1993####nyua#####b####001#0#eng##
005 20130315110121.0
245 1 0 |a Introduction to functional differential equations /  |c Jack K. Hale, Sjoerd M. Verduyn Lunel. 
260 |a New York :  |b Springer-Verlag,  |c c1993. 
300 |a x, 447 p. :  |b il. ;  |c 25 cm. 
490 1 |a Applied mathematical sciences ;  |v v. 99 
500 |a "The present book builds upon an earlier work of J. Hale, 'Theory of functional differential equations' published in 1977"--Pref. 
504 |a Incluye referencias bibliográficas (p. [419]-443) e índice. 
510 4 |a MR,  |c 94m:34169 
020 |a 0387940766 (New York) 
020 |a 3540940766 (Berlin) 
100 1 |a Hale, Jack K. 
700 1 |a Verduyn Lunel, S. M.  |q (Sjoerd M.) 
700 1 |a Hale, Jack K.  |t Theory of functional differential equations. 
830 0 |a Applied mathematical sciences (Springer-Verlag New York Inc.) ;  |v v. 99. 
650 0 |a Functional differential equations. 
084 |a 34Kxx (34-02 47D06 47H20 47N20 58F32)  |2 MR 
010 |a  93027729  
040 |a DLC  |c DLC  |d DLC 
856 4 2 |3 Publisher description  |u http://www.loc.gov/catdir/enhancements/fy0815/93027729-d.html 
859 |h 34  |i H161i  |p A-8502  |b BIB. MATEMATICA